Pohled z Davosu

Svetové ekonomické fórum v Davose na prelome januára a februára 1994. Hlavný problém vyspelej Európy - nezamestnanosť. Niektoré problémy postkomunistických krajín, zvlášť Ruska. Inflácia a antiinflačná politika. Potreba demonopolizácie a konkurencie.

Gespeichert in:
Bibliographische Detailangaben
1. Verfasser: Prchal, Miroslav
Format: Buchkapitel
Sprache:Tschechisch
Schlagworte:
Tags: Tag hinzufügen
Keine Tags, Fügen Sie das erste Tag hinzu!

MARC

LEADER 00000naa a2200000 4500
001 r014884
005 20221213082018.0
041 0 |a cze 
044 |a CZ 
245 1 0 |a Pohled z Davosu  |c Miroslav Prchal 
520 |a Svetové ekonomické fórum v Davose na prelome januára a februára 1994. Hlavný problém vyspelej Európy - nezamestnanosť. Niektoré problémy postkomunistických krajín, zvlášť Ruska. Inflácia a antiinflačná politika. Potreba demonopolizácie a konkurencie. 
610 2 0 |a vývoj hospodársky 
610 2 0 |a svet 
610 2 0 |a nezamestnanosť 
610 2 0 |a inflácia 
610 2 0 |a demonopolizácia 
610 2 0 |a konkurencia 
610 2 0 |a západná Európa 
610 2 0 |a Rusko 
100 1 |a Prchal, Miroslav